Crédito y ayuda al pequeño y mediano productor /

Zapisane w:
Opis bibliograficzny
1. autor: Mora Valverde, Eduardo
Format: Texto
Hasła przedmiotowe:
Etykiety: Dodaj etykietę
Nie ma etykietki, Dołącz pierwszą etykiete!

MARC

LEADER 00000 a a2200000 04500
001 18678
003
040
100 |a Mora Valverde, Eduardo  
245 |a Crédito y ayuda al pequeño y mediano productor /  |c Eduardo Mora Valverde 
650 |a CREDITO AGRICOLA  
773 |g número 13; páginas 16-21  
999 |c 24053  |d 24053